000 01203cam a2200265 4500
001 ABS64064
008 000000n2001 000 0 eng u
035 _a(Sirsi) u112577
100 _aBurnett, A
245 _aUrgent issues
260 _c2001
490 _aAccountancy
_v127(1293) May 2001, 128-129(2)
520 _aOffers information and advice for accountants whose clients have suffered from the foot and mouth crisis. Provides details of the two slaughter compensation schemes: the main compulsory slaughter scheme and the welfare disposal scheme. Looks at other forms of payment including the additional agrimonetary compensation for beef, sheep and dairy products announced in March 2001, and relief under extra statutory concession for farmers who have experienced a sixth year of losses. Worked examples of compensation payments.
590 _aABS
650 _aFOOT-AND-MOUTH DISEASE
650 _aCOMPENSATION
650 _aTAX ISSUES
650 _aACCOUNTANTS
650 _aSLAUGHTER SCHEMES
650 _aFARMERS
650 _aRURAL BUSINESSES
650 _aPROPERTY-RURAL AND NATURAL ASSETS-AGRICULTURAL PROPERTY-LIVESTOCK
690 _aRural
_96268
942 _n0
999 _c67005
_d67005